000 01030nam0a2200313 4500
001 RU\NLR\bibl\39287
005 20250615025309.0
010 _a5-7838-0469-X
_93000
021 _aRU
_b99-15161
_9735
035 _a(NLR Aleph) 000038301
090 _a198248
_c198248
100 _a19990720d1999 |||y0rusy50 ca
101 0 _arus
102 _aRU
105 _ay |||||||||
200 1 _aРеформы в провинции
_fМихаил Прусак
210 _aМ.
_cВече
_d1999
215 _a160 с.
_d21
600 1 _aПрусак
_bМ.М.
_f1960 -
_gМихаил Михайлович
_92099679
_3RU\NLR\auth\661270029
607 _aНовгородская область
_xРеформы
_z1990-ые гг.
_92099677
_3RU\NLR\auth\661270028
686 _aУ9(2)-183(2Р-4Но)
686 _aТ3(2Р-4Но)74
700 1 _aПрусак
_bМ. М.
_gМихаил М.
_4070
801 0 _aRU
_bNLR
_c19990720
_gPSBO
801 1 _aRU
_bNLR
_c19990720
852 _aNLR
_j99-3/7571
942 _cBOOK
980 _aNB